000 00488 a2200169 4500
003 OSt
005 20240109133332.0
008 240109b |||||||| |||| 00| 0 eng d
020 _a9789382581291
040 _coclc
082 _a297
_bSHO/J
100 _aShoukkathali, Shine
_910247
245 _aJoothayisam, sayanisam, freemaison /
_cShine Shoukkathali
260 _aKerala:
_bDa'wa books,
_c2017.
300 _a111p
942 _2ddc
_cBK
_h297
_iSHO/J
_k297
_mSHO/J
999 _c43105
_d43105